Spell the Marvel Character #290 - Statistics

General Stats
  • This quiz has been taken 9 times
  • The average score is 9 of 10
Answer Stats
Picture Answer % Correct
Elektra
100%
Namora
100%
Polaris
100%
Shanna
100%
Thundra
100%
Rachel Summers
89%
U-Go Girl
78%
Ultragirl
78%
Supernaut
67%
Anthem
56%
No matching quizzes found
Score Distribution
Percent of People with Each Score
Percentile by Number Answered
Your Score History
You have not taken this quiz